Colección general de las ordenanzas militares sus innovaciones y aditamentos dispuesta en diez tomos con separación de clases (Record no. 8339)

MARC details
000 -CABECERA
campo de control de longitud fija 01555nam a2200313 a 4500
001 - NÚMERO DE CONTROL
campo de control BRCA_8684
005 - FECHA Y HORA DE LA ÚLTIMA TRANSACCIÓN
campo de control 20190320210352.0
008 - DATOS DE LONGITUD FIJA--INFORMACIÓN GENERAL
campo de control de longitud fija 081216s1765----sp-#######---#000-0#spa-#
041 ## - CÓDIGO DE LENGUA
Código de lengua del texto/banda sonora o título independiente spa
044 ## - CÓDIGO DEL PAÍS DE LA ENTIDAD EDITORA/PRODUCTORA
Código MARC del país sp
050 #4 - SIGNATURA TOPOGRÁFICA DE LA BIBLIOTECA DEL CONGRESO
Número de clasificación UA782
Número de documento/Ítem .P67
-- 1765
100 1# - ENTRADA PRINCIPAL--NOMBRE DE PERSONA
Nombre de persona Portugues, Joseph Antonio
9 (RLIN) 21653
245 10 - MENCIÓN DE TÍTULO
Título Colección general de las ordenanzas militares sus innovaciones y aditamentos dispuesta en diez tomos con separación de clases
Mención de responsabilidad, etc. Joseph Antonio Portugues.
260 ## - PUBLICACIÓN, DISTRIBUCIÓN, ETC.
Lugar de publicación, distribución, etc. Madrid
Nombre del editor, distribuidor, etc. Imprenta de Antonio Marin
Fecha de publicación, distribución, etc. 1765
300 ## - DESCRIPCIÓN FÍSICA
Extensión T. VI, 925 p.
Dimensiones 21 cm
500 ## - NOTA GENERAL
Nota general Fondo antiguo
500 ## - NOTA GENERAL
Nota general Se encuentra en Caja Fuerte
500 ## - NOTA GENERAL
Nota general LM-17 (19-32)
500 ## - NOTA GENERAL
Nota general Incluye índice de los títulos de este tomo, índice de los documentos que comprende este tomo dividido en quatro títulos
500 ## - NOTA GENERAL
Nota general Uso de letras capitulares
500 ## - NOTA GENERAL
Nota general Nota de encuadernación: piel pergamino sobre cartón, el cuerpo de la encuadernación se encuentra desprendido del lomo, algunos cuadernillos están sueltos
505 0# - NOTA DE CONTENIDO CON FORMATO
Nota de contenido con formato Contiene: Tomo VI. Comprehende las ordenanzas que corresponden al Real cuerpo de Artilleria, e ingenieros, arbritos aplicados a obras de fortificación y academias de matematicas para la tropa. desde el año de 1553 hasta el de 1758
506 0# - NOTA DE RESTRICCIONES AL ACCESO
Limitaciones de acceso Fondo reservado: para su consulta es necesario credencial de usuario y carta de motivos
650 14 - PUNTO DE ACCESO ADICIONAL DE MATERIA--TÉRMINO DE MATERIA
Término de materia o nombre geográfico como elemento de entrada Ejército
Término indicativo de función/relación Regulaciones
Subdivisión geográfica España
9 (RLIN) 21654
650 14 - PUNTO DE ACCESO ADICIONAL DE MATERIA--TÉRMINO DE MATERIA
Término de materia o nombre geográfico como elemento de entrada Leyes militares
Subdivisión geográfica España
9 (RLIN) 21655
650 14 - PUNTO DE ACCESO ADICIONAL DE MATERIA--TÉRMINO DE MATERIA
Término de materia o nombre geográfico como elemento de entrada Educación militar
Subdivisión geográfica España
9 (RLIN) 21656
902 ## - CATALOGADOR
Iniciales LAR
942 ## - ELEMENTOS DE PUNTO DE ACCESO ADICIONAL (KOHA)
Fuente del sistema de clasificación o colocación Library of Congress Classification
Tipo de ítem Koha Libros
Holdings
Estado de retiro Estado de pérdida Estado dañado No para préstamo Localización permanente Ubicación/localización actual Fecha de adquisición Total de préstamos Signatura topográfica completa Código de barras Fecha visto por última vez Precio válido a partir de Tipo de ítem Koha
El ejemplar forma parte de la colección y puede ser consultado según las políticas vigentes.       Biblioteca del Museo Franz Mayer (Rogerio Casas-Alatriste) Biblioteca del Museo Franz Mayer (Rogerio Casas-Alatriste) 08/12/2016   UA782 .P67 1765 LAR00179 22/03/2019 22/03/2019 Libros